damage level of golden app;le snail on rice plantatfive cropages ( កំរិតបំផ្លាញរបស់ខ្យងមាសស៊ីស្រូវទៅលើដំណាំស្រូវនៅប្រាំអាយុកាលខុសៗគ្នា) (Record no. 1381)
[ view plain ]
| 000 -LEADER | |
|---|---|
| fixed length control field | 00599nam a22001457a 4500 |
| 003 - CONTROL NUMBER IDENTIFIER | |
| control field | OSt |
| 005 - DATE AND TIME OF LATEST TRANSACTION | |
| control field | 20150928092229.0 |
| 008 - FIXED-LENGTH DATA ELEMENTS--GENERAL INFORMATION | |
| fixed length control field | 150928b xxu||||| |||| 00| 0 eng d |
| 040 ## - CATALOGING SOURCE | |
| Transcribing agency | RUA |
| 082 ## - DEWEY DECIMAL CLASSIFICATION NUMBER | |
| Classification number | AGR KHA 2013 B053 Or.1 |
| 100 ## - MAIN ENTRY--PERSONAL NAME | |
| 9 (RLIN) | 1470 |
| Personal name | KHAN, CHANNAVORN. |
| 245 ## - TITLE STATEMENT | |
| Title | damage level of golden app;le snail on rice plantatfive cropages ( កំរិតបំផ្លាញរបស់ខ្យងមាសស៊ីស្រូវទៅលើដំណាំស្រូវនៅប្រាំអាយុកាលខុសៗគ្នា) |
| 260 ## - PUBLICATION, DISTRIBUTION, ETC. (IMPRINT) | |
| Place of publication, distribution, etc. | Phnom Penh |
| Name of publisher, distributor, etc. | RUA |
| Date of publication, distribution, etc. | 2013 |
| 942 ## - ADDED ENTRY ELEMENTS (KOHA) | |
| Source of classification or shelving scheme | |
| Koha item type | AGR |
| Price effective from | Date last seen | Permanent Location | Not for loan | Date acquired | Source of classification or shelving scheme | Koha item type | Lost status | Withdrawn status | Date last checked out | Total Checkouts | Shelving location | Damaged status | Barcode | Current Location | Full call number |
|---|---|---|---|---|---|---|---|---|---|---|---|---|---|---|---|
| 2015-09-28 | 2016-08-08 | Library Block B | 2015-09-28 | AGR | 2016-07-17 | 2 | B053 | RUA004614 | Library Block B | AGR KHA 2013 B053 Or.1 | |||||
| 2015-09-28 | 2023-11-21 | Library Block B | 2015-09-28 | AGR | 2023-11-14 | 1 | B053 | RUA005419 | Library Block B | AGR KHA 2013 B053 Or.2 | |||||
| 2015-09-28 | 2021-09-13 | Library Block B | 2015-09-28 | AGR | 2021-02-22 | 1 | B053 | RUA005747 | Library Block B | AGR KHA 2013 B053 Or.3 | |||||
| 2015-09-28 | 2015-09-28 | Library Block B | 2015-09-28 | AGR | B053 | RUA005582 | Library Block B | AGR KHA 2013 B053 Or.4 | |||||||
| 2015-09-28 | 2024-01-22 | Library Block B | 2015-09-28 | AGR | 2023-12-29 | 1 | B053 | RUA005652 | Library Block B | AGR KHA 2013 B053 Or.5 |